تاريخ الشرق الأدنى القديم العراق - ايران - آسيا الصغرى
Saved in:
Main Author:
Format: Book
Language: Undetermined
Published:
Alexandria
Dar Al-Marafaa
1995
Tags: Add Tag
No Tags, Be the first to tag this record!
Call Number: H20 SAAD
| LEADER | 00403nam a2200121Ia 4500 | ||
|---|---|---|---|
| 008 | 240404s9999||||xx |||||||||||||| ||und|| | ||
| 050 | 4 | |a H20 SAAD | |
| 100 | 1 | |a حسن السعدى. | |
| 245 | 1 | 0 | |a تاريخ الشرق الأدنى القديم |b العراق - ايران - آسيا الصغرى |c حسن السعدى |
| 264 | 1 | |a Alexandria |b Dar Al-Marafaa |c 1995 | |
| 300 | |a 326 |c 24 | ||
| 942 | |2 lcc |c BK | ||
| 999 | |c 57990 |d 57990 | ||
